<?xml version="1.0" encoding="UTF-8"?>
<collection xmlns="http://www.loc.gov/MARC21/slim">
<record>
  <controlfield tag="001">124682</controlfield>
  <controlfield tag="005">20230322092614.0</controlfield>
  <datafield tag="037" ind1=" " ind2=" ">
    <subfield code="a">TAZ-TFM-2022-377</subfield>
  </datafield>
  <datafield tag="041" ind1=" " ind2=" ">
    <subfield code="a">eng</subfield>
  </datafield>
  <datafield tag="100" ind1="1" ind2=" ">
    <subfield code="a">Díaz Gayán, Paula</subfield>
  </datafield>
  <datafield tag="242" ind1="0" ind2="0">
    <subfield code="a">Study of electron transport layers in solar cells</subfield>
  </datafield>
  <datafield tag="245" ind1="0" ind2="0">
    <subfield code="a">Estudio de las capas de transporte de electrones en las celdas solares</subfield>
  </datafield>
  <datafield tag="260" ind1=" " ind2=" ">
    <subfield code="a">Zaragoza</subfield>
    <subfield code="b">Universidad de Zaragoza</subfield>
    <subfield code="c">2022</subfield>
  </datafield>
  <datafield tag="506" ind1=" " ind2=" ">
    <subfield code="a">by-nc-sa</subfield>
    <subfield code="b">Creative Commons</subfield>
    <subfield code="c">3.0</subfield>
    <subfield code="u">http://creativecommons.org/licenses/by-nc-sa/3.0/</subfield>
  </datafield>
  <datafield tag="520" ind1=" " ind2=" ">
    <subfield code="a">En este Trabajo de Fin de Máster se ha llevado a cabo en un laboratorio una evaluación detallada de la capa transportadora de electrones, así como su influencia en dos tipos de celdas solares (perovskita de haluro híbrido (PVK) y AgBiS2), evaluando para ello la estabilidad y el rendimiento de los dispositivos. El objetivo de este proyecto era desarrollar celdas solares con una capa transportadora de electrones basada en SnO2, obtenido a partir de diferentes precursores y comprender su influencia utilizando diversas técnicas actuales de caracterización fisicoquímica. El propósito de desarrollar dicho trabajo radica en la mejora de estos dispositivos fotovoltaicos mediante la consecución de mayores rendimientos. El proyecto abarcó cuatro pasos principales: revisión bibliográfica, experimentación, análisis y discusión de los resultados, y principales conclusiones. Se estudió la bibliografía más relevante para conocer los fundamentos de las celdas solares de PVK y AgBiS2, los materiales y los principios de funcionamiento. El trabajo experimental combinó la síntesis, la caracterización química y estructural del SnO2 como capa transportadora de electrones, así como la fabricación de ambos tipos de celdas solares. Este estudio aporta la posibilidad de desarrollar nuevas estrategias de fabricación de alta calidad de capas transportadoras de electrones a bajas temperaturas, basadas en la deposición directa de nanopartículas, o utilizando diferentes precursores. &lt;br />&lt;br /></subfield>
  </datafield>
  <datafield tag="521" ind1=" " ind2=" ">
    <subfield code="a">Máster en Materiales Nanoestructurados para Aplicaciones Nanotecnológicas (Nanostructured Materials for Nanotechnology Applications)</subfield>
  </datafield>
  <datafield tag="540" ind1=" " ind2=" ">
    <subfield code="a">Derechos regulados por licencia Creative Commons</subfield>
  </datafield>
  <datafield tag="700" ind1=" " ind2=" ">
    <subfield code="a">Juárez Pérez, Emilio</subfield>
    <subfield code="e">dir.</subfield>
  </datafield>
  <datafield tag="700" ind1=" " ind2=" ">
    <subfield code="a">Bernechea Navarro, María</subfield>
    <subfield code="e">dir.</subfield>
  </datafield>
  <datafield tag="710" ind1="2" ind2=" ">
    <subfield code="a">Universidad de Zaragoza</subfield>
    <subfield code="b"> </subfield>
    <subfield code="c"></subfield>
  </datafield>
  <datafield tag="856" ind1="0" ind2=" ">
    <subfield code="f">767879@unizar.es</subfield>
  </datafield>
  <datafield tag="856" ind1="4" ind2=" ">
    <subfield code="s">1427173</subfield>
    <subfield code="u">http://zaguan.unizar.es/record/124682/files/TAZ-TFM-2022-377.pdf</subfield>
    <subfield code="y">Memoria (eng)</subfield>
  </datafield>
  <datafield tag="909" ind1="C" ind2="O">
    <subfield code="o">oai:zaguan.unizar.es:124682</subfield>
    <subfield code="p">driver</subfield>
    <subfield code="p">trabajos-fin-master</subfield>
  </datafield>
  <datafield tag="950" ind1=" " ind2=" ">
    <subfield code="a"></subfield>
  </datafield>
  <datafield tag="980" ind1=" " ind2=" ">
    <subfield code="a">TAZ</subfield>
    <subfield code="b">TFM</subfield>
    <subfield code="c">CIEN</subfield>
  </datafield>
  <datafield tag="999" ind1=" " ind2=" ">
    <subfield code="a">20220627155700.CREATION_DATE</subfield>
  </datafield>
  <datafield tag="951" ind1=" " ind2=" ">
    <subfield code="a">deposita:2023-03-21</subfield>
  </datafield>
</record>
</collection>